| 000 | 00764nam a2200229 i 4500 | ||
|---|---|---|---|
| 001 | 19334 | ||
| 003 | ES-MaACL | ||
| 005 | 20230906152053.0 | ||
| 007 | t| | ||
| 008 | 020730s2002 sp ||||1| spa d | ||
| 020 | _a84-306-0454-5 | ||
| 080 | _a1(081) Bataille, Georges | ||
| 100 | 1 |
_aBataille, Georges. _926391 |
|
| 245 | 1 | 3 |
_aLa oscuridad no miente _b: textos y apuntes para la continuación de la "Summa ateológica" / _cGeorges Bataille ; selección, traducción y epílogo de Ignacio Díaz de la Serna. |
| 260 |
_aMadrid : _bTaurus, _c[2002] |
||
| 300 |
_a254 p. ; _c22 cm. |
||
| 490 | 1 | _aPensamiento | |
| 700 | 1 |
_aDíaz de la Serna, Ignacio. _944235 |
|
| 830 | 0 |
_aPensamiento _9178722 |
|
| 852 |
_aES-MaACL _jL-25802 _bR.131491 |
||
| 999 |
_c19334 _d19334 |
||